Bangsawan

Bibliographic Details
Main Author: Jais Sahok
Format: Book
Published: Klang : Pustaka Mawar , 1996
Series:Siri Novel Perantauan
Subjects:

MARC

LEADER 00000cam a2200000 7i4500
001 0000007113
002 000007655
005 20000330.0
020 |a 9838751294 
090 0 0 |a JF   |b JAI 
100 0 |a Jais Sahok 
245 1 0 |a Bangsawan   |c Jais Sahok 
260 |a Klang :   |b Pustaka Mawar ,   |c 1996 
300 |a 197p. ;   |c 21cm. 
490 0 |a Siri Novel Perantauan 
650 0 0 |a Children's stories, Malay 
999 |a 066812 9   |b BUKU   |c PINJAMAN   |e PERPUSTAKAAN KOMUNITI PETALING JAYA